000 00475nam a2200181 a 4500
005 20220603063438.0
008 991125s1970 mx 000 0 spa u
035 _aUPN01000001394
049 _aCG
050 4 _aPQ7298.22 E5
_bA4b
100 1 _aLeñero, Vicente,
_d1933-
245 1 4 _aLos albañiles /
_cVicente Leñero.
260 _aMéxico :
_bJ. Mortiz,
_c1970.
300 _a121 p.
440 0 _aTeatro del volador
650 2 _aTeatro mexicano
_910342
905 _aLibro
999 _c1394
_d1394